| 000 | 00413nam a2200181Ia 4500 | ||
|---|---|---|---|
| 008 | 220531s9999 xx 000 0 und d | ||
| 041 | _aeng | ||
| 082 | _bCHA | ||
| 100 |
_aChaudhari, P. N. _955043 |
||
| 245 | _aElements Of Company Law | ||
| 250 | _a1ST | ||
| 260 |
_bNirali _c2008 |
||
| 300 | _a10.41 | ||
| 542 | _d09-09-2009 | ||
| 650 |
_alaw _955044 |
||
| 906 | _d2009-2010 | ||
| 999 |
_c31824 _d31824 |
||